[Event "DSM WK M 2011"]
[Site "Karlsruhe GER"]
[Date "2011.05.14"]
[Round "5"]
[White "Berger, Nadja"]
[Black "Evers, Annika"]
[Result "0-1"]
[Termination "normal"]
[Board "1.1"]
[WhiteElo "1710"]
[BlackElo "1708"]
[WhiteTeam "Friedrich-Dessauer-Gymnasium Aschaffenburg"]
[BlackTeam "Athenaeum Stade"]
[PlyCount "114"]
[WhiteFideId "24692212"]
[BlackFideId "24691933"]
[EventCountry "GER"]
[EventRounds "7"]
[EventType "team-swiss"]
[EventDate "2011.05.12"]

1. c4 c5 2. Nc3 Nc6 3. g3 g6 4. Bg2 Bg7 5. d3 e6 6. Nf3 Nge7 7. O-O O-O 8. Bg5
d5 9. Qc1 b6 10. cxd5 exd5 11. Nxd5 Bb7 12. Nd2 f6 13. Nxe7+ Qxe7 14. Qc4+ Kh8
15. Be3 f5 16. Rab1 Nd4 17. Bxd4 cxd4 18. Bxb7 Qxb7 19. Nf3 Rac8 20. Qa4 b5 21.
Qb4 Qd5 22. Qa5 Rc2 23. Rfe1 a6 24. a3 Qe6 25. Nd2 Bh6 26. Nb3 Qxb3 27. Qb6 Bg7
28. Qxa6 Rxb2 29. Rbc1 Qa4 30. Qd6 Rc2 31. Rb1 Qa5 32. Qe7 Rc7 33. Qd6 Rcc8 34.
Rbc1 Rxc1 35. Rxc1 Qd2 36. Rc7 Qxe2 37. Qd7 Rg8 38. Rc8 Qe5 39. Rc7 Qe8 40. Qd5
Qd8 41. Rd7 Qf8 42. Qxb5 Qxa3 43. Qb7 Qf8 44. Rf7 Qe8 45. Re7 Qa4 46. Rf7 h6
47. Qe7 Qd1+ 48. Kg2 Qxd3 49. Qd7 Qe4+ 50. Kg1 d3 51. Re7 Qd4 52. Qa4 Qa1+ 53.
Qxa1 Bxa1 54. Rd7 Bf6 55. Rxd3 Bg7 56. Kg2 Re8 57. Kf3 Re7 { und nach längerem
Blitzduell:} 0-1

[Event "DSM WK M 2011"]
[Site "Karlsruhe GER"]
[Date "2011.05.14"]
[Round "5"]
[White "Lange, Anika"]
[Black "Schnepper, Pauline"]
[Result "0-1"]
[Termination "normal"]
[Board "1.2"]
[WhiteElo "1450"]
[BlackElo "1512"]
[WhiteTeam "Athenaeum Stade"]
[BlackTeam "Friedrich-Dessauer-Gymnasium Aschaffenburg"]
[PlyCount "117"]
[WhiteFideId "24693405"]
[BlackFideId "12918040"]
[EventCountry "GER"]
[EventRounds "7"]
[EventType "team-swiss"]
[EventDate "2011.05.12"]

1. d4 d5 2. Nf3 c6 3. e3 Nf6 4. Bd3 Bg4 5. Nbd2 e6 6. O-O Bd6 7. h3 Bxf3 8.
Nxf3 O-O 9. b3 Nbd7 10. Bb2 Rc8 11. Ne5 c5 12. Rc1 Qc7 13. f4 cxd4 14. exd4
Rfd8 15. Qe2 a6 16. Rce1 Qa5 17. a3 Qb6 18. Kh1 Bb8 19. f5 Qd6 20. fxe6 Qxe6
21. Nf3 Qxe2 22. Rxe2 Nh5 23. Re7 Ng3+ 24. Kg1 Nxf1 25. Kxf1 Bd6 26. Re2 Re8
27. Ng5 h6 28. Nf3 Rxe2 29. Kxe2 Re8+ 30. Kf2 b5 31. Bf5 Re7 32. g4 g6 33. Bd3
Kg7 34. Bc1 Re8 35. Bb2 Nf6 36. Nd2 Bf4 37. Nb1 h5 38. gxh5 Nxh5 39. Nc3 Be3+
40. Kf3 Bxd4 41. Kg4 f5+ 42. Kf3 Re3+ 43. Kg2 Rg3+ 44. Kf1 Rxh3 45. Kg2 Rg3+
46. Kf1 Rg1+ 47. Ke2 Nf4+ 48. Kf3 Nxd3 49. cxd3 Rf1+ 50. Ke2 Rf2+ 51. Kd1 Rxb2
52. Nxd5 Rxb3 53. Kc2 Rxa3 54. Nb4 a5 55. Nd5 b4 56. Kd2 b3 57. Nc3 Ra2+ 58.
Nxa2 bxa2 59. Kc2 0-1

[Event "DSM WK M 2011"]
[Site "Karlsruhe GER"]
[Date "2011.05.14"]
[Round "5"]
[White "Künstler, Tabea"]
[Black "Steffens, Skrolan"]
[Result "1-0"]
[Termination "normal"]
[Board "1.3"]
[WhiteElo "1254"]
[BlackElo "1353"]
[WhiteTeam "Friedrich-Dessauer-Gymnasium Aschaffenburg"]
[BlackTeam "Athenaeum Stade"]
[PlyCount "71"]
[EventCountry "GER"]
[EventRounds "7"]
[EventType "team-swiss"]
[EventDate "2011.05.12"]

1. c4 c5 2. Nc3 g6 3. g3 Bg7 4. Bg2 d6 5. e3 Nd7 6. Nge2 Ngf6 7. O-O O-O 8. d4
cxd4 9. exd4 Rb8 10. Re1 b6 11. Bg5 Bb7 12. d5 Re8 13. Nd4 a6 14. Qd2 Ne5 15.
b3 Qc7 16. Rac1 Bc8 17. Bxf6 Bxf6 18. Ne4 Bg7 19. h3 Qd7 20. f4 f5 21. Ng5 Nf7
22. Nge6 Bh6 23. Nc6 Ra8 24. Qd4 Qb7 25. Rc2 Bxe6 26. dxe6 Nh8 27. Nb4 Bg7 28.
Qe3 Qa7 29. Bxa8 Rxa8 30. Nd5 Rb8 31. Kg2 Rb7 32. g4 h6 33. gxf5 gxf5 34. Qg3
Kf8 35. Kf3 Rb8 36. Rg1 1-0

[Event "DSM WK M 2011"]
[Site "Karlsruhe GER"]
[Date "2011.05.14"]
[Round "5"]
[White "Meinschien, Silke"]
[Black "Schwind, Clara"]
[Result "1/2-1/2"]
[Termination "normal"]
[Board "1.4"]
[WhiteElo "800"]
[BlackElo "1313"]
[WhiteTeam "Athenaeum Stade"]
[BlackTeam "Friedrich-Dessauer-Gymnasium Aschaffenburg"]
[PlyCount "69"]
[BlackFideId "12964581"]
[EventCountry "GER"]
[EventRounds "7"]
[EventType "team-swiss"]
[EventDate "2011.05.12"]

1. d4 d5 2. Nf3 Nf6 3. g3 Bf5 4. Bg2 e6 5. O-O Bd6 6. Bg5 h6 7. Bxf6 Qxf6 8. c3
O-O 9. Nbd2 Nd7 10. Rc1 c5 11. c4 cxd4 12. cxd5 e5 13. e4 Bh7 14. Qe2 Nb6 15.
Nc4 Nxc4 16. Rxc4 Rac8 17. Rcc1 Qe7 18. Nd2 Rfe8 19. Nc4 Bc7 20. a3 b5 21. d6
Bxd6 22. Nxd6 Qxd6 23. Qxb5 Rb8 24. Qe2 Rec8 25. b4 Rd8 26. Rfd1 Rbc8 27. Rc2
Rxc2 28. Qxc2 Qd7 29. Qe2 Rc8 30. h3 Rc3 31. Rd3 Rc1+ 32. Rd1 Rc3 33. Rd3 Rc1+
34. Rd1 Rc3 35. Rd3 1/2-1/2

[Event "DSM WK M 2011"]
[Site "Karlsruhe GER"]
[Date "2011.05.14"]
[Round "5"]
[White "Brandl, Lea Maria"]
[Black "Frey, Alisa"]
[Result "0-1"]
[Termination "normal"]
[Board "2.1"]
[WhiteElo "1541"]
[BlackElo "2014"]
[WhiteTeam "Marienschule Limburg"]
[BlackTeam "Lise-Meitner-Gymnasium Königsbach-Stein"]
[PlyCount "50"]
[WhiteFideId "24693049"]
[BlackFideId "24634662"]
[EventCountry "GER"]
[EventRounds "7"]
[EventType "team-swiss"]
[EventDate "2011.05.12"]

1. d4 Nf6 2. c4 g6 3. Nc3 d5 4. cxd5 Nxd5 5. Bd2 Bg7 6. e4 Nb6 7. Be3 Nc6 8.
Nf3 Bg4 9. d5 Ne5 10. Be2 O-O 11. O-O Nec4 12. Qc2 Nxe3 13. fxe3 e6 14. Rad1
Qe7 15. dxe6 Bxe6 16. Nd4 Rad8 17. Nxe6 Qxe6 18. a3 c6 19. Na4 Nxa4 20. Qxa4 a6
21. Rxd8 Rxd8 22. Bc4 Qg4 23. Bxf7+ Kh8 24. Qb3 Qxe4 25. Re1 Rd2 0-1

[Event "DSM WK M 2011"]
[Site "Karlsruhe GER"]
[Date "2011.05.14"]
[Round "5"]
[White "Bajorski, Maria Sophie"]
[Black "Roether, Barbara"]
[Result "1-0"]
[Termination "normal"]
[Board "2.3"]
[WhiteElo "1455"]
[BlackElo "800"]
[WhiteTeam "Marienschule Limburg"]
[BlackTeam "Lise-Meitner-Gymnasium Königsbach-Stein"]
[PlyCount "61"]
[WhiteFideId "24654531"]
[EventCountry "GER"]
[EventRounds "7"]
[EventType "team-swiss"]
[EventDate "2011.05.12"]

1. e4 e5 2. Nf3 Nc6 3. Bc4 Nf6 4. d4 d6 5. Nc3 Bg4 6. Be3 Be7 7. h3 Be6 8. Bb3
Nb4 9. O-O Qd7 10. d5 Nfxd5 11. Nxd5 O-O-O 12. Nxb4 a6 13. Bxe6 fxe6 14. Qd2
Qe8 15. Qc3 Qg6 16. Bb6 Kd7 17. Qxc7+ Ke8 18. Qxb7 Qxe4 19. Qxe4 d5 20. Qe2 a5
21. Qb5+ Kf7 22. Nc6 d4 23. Bxd8 Kg6 24. Bxe7 Kf5 25. Qxe5+ Kg6 26. Nh4+ Kf7
27. Qf4+ Ke8 28. Qb8+ Kd7 29. Qd6+ Ke8 30. Qd8+ Kf7 31. Ne5# 1-0

[Event "DSM WK M 2011"]
[Site "Karlsruhe GER"]
[Date "2011.05.14"]
[Round "5"]
[White "Kauselmann, Laura"]
[Black "Liez, Tatjana"]
[Result "0-1"]
[Termination "normal"]
[Board "2.4"]
[WhiteElo "899"]
[BlackElo "1391"]
[WhiteTeam "Lise-Meitner-Gymnasium Königsbach-Stein"]
[BlackTeam "Marienschule Limburg"]
[PlyCount "126"]
[BlackFideId "1271769"]
[EventCountry "GER"]
[EventRounds "7"]
[EventType "team-swiss"]
[EventDate "2011.05.12"]

1. e4 e5 2. Nf3 Nc6 3. Nc3 Bc5 4. Bc4 Nf6 5. O-O O-O 6. d3 h6 7. Bd2 d6 8. h3
Bd7 9. a3 a6 10. b4 Ba7 11. Qe2 b5 12. Bd5 Nxd5 13. exd5 Ne7 14. Be3 Bxe3 15.
Qxe3 Ng6 16. d4 exd4 17. Qxd4 Re8 18. Rfe1 Rxe1+ 19. Rxe1 Qb8 20. Nh4 Nxh4 21.
Qxh4 Qd8 22. Qf4 Qf8 23. Ne4 Re8 24. Re3 Re5 25. Ng3 Qe7 26. Qd4 Rxe3 27. fxe3
Qe5 28. Qf4 Qxf4 29. exf4 g6 30. Ne4 Kg7 31. g4 f5 32. Nf2 fxg4 33. hxg4 h5 34.
g5 Bf5 35. c3 Bc2 36. Kg2 Bb3 37. Kg3 Bxd5 38. Nd3 Bc4 39. Nf2 Bb3 40. Ne4 Bc2
41. Nf6 Kf7 42. Nd7 Be4 43. Nb8 Bb7 44. Nd7 Bc6 45. Nf6 Bb7 46. Nd7 Bc6 47. Nb8
Bb7 48. Nd7 Ke7 49. Nf6 c5 50. Ne4 Bxe4 51. bxc5 dxc5 52. Kf2 a5 53. Ke3 Bd5
54. Kd3 h4 55. Ke3 h3 56. Kf2 h2 57. Kg3 h1=Q 58. Kg4 Qf3+ 59. Kh4 Qxf4+ 60.
Kh3 Qxg5 61. c4 Qg2+ 62. Kh4 Bf3 63. cxb5 Qg4# 0-1

[Event "DSM WK M 2011"]
[Site "Karlsruhe GER"]
[Date "2011.05.14"]
[Round "5"]
[White "Raab, Helen"]
[Black "Kluge, Leyla"]
[Result "1-0"]
[Termination "normal"]
[Board "3.1"]
[WhiteElo "1884"]
[BlackElo "1426"]
[WhiteTeam "Gymnasium Mainz-Gonsenheim"]
[BlackTeam "Clemens-Winkler-Gymnasium Aue"]
[PlyCount "95"]
[WhiteFideId "24653608"]
[BlackFideId "12918172"]
[EventCountry "GER"]
[EventRounds "7"]
[EventType "team-swiss"]
[EventDate "2011.05.12"]

1. e4 c5 2. Nf3 Nc6 3. d4 cxd4 4. Nxd4 d6 5. Be2 g6 6. Be3 Bg7 7. c3 Nf6 8. Nd2
O-O 9. O-O Bd7 10. f4 e5 11. N4b3 Be6 12. Qc2 Bg4 13. Nf3 Re8 14. h3 Bxf3 15.
Bxf3 Bh6 16. Qd2 Bg7 17. Rae1 Qe7 18. Qf2 Qc7 19. Nd2 b5 20. Bd1 d5 21. exd5
Nxd5 22. fxe5 Nxe5 23. Bc2 Nc6 24. Bb3 Nf6 25. Bg5 Rxe1 26. Rxe1 Qb6 27. Be3
Qc7 28. Nf3 Rf8 29. Kh1 Ne4 30. Qc2 Ng3+ 31. Kg1 Ne5 32. Nxe5 Bxe5 33. Bf2 Bg7
34. Qd3 Nf5 35. Qxb5 Nd6 36. Qd5 Qd8 37. Rd1 Re8 38. Qxd6 Qxd6 39. Rxd6 Be5 40.
Rd7 Rf8 41. Bc5 Rc8 42. Bxf7+ Kh8 43. Bxa7 Bg7 44. Re7 Bf6 45. Re8+ Rxe8 46.
Bxe8 Kg7 47. Bc5 Be5 48. a4 1-0

[Event "DSM WK M 2011"]
[Site "Karlsruhe GER"]
[Date "2011.05.14"]
[Round "5"]
[White "Schmieder, Michelle"]
[Black "Efinger, Leila"]
[Result "1-0"]
[Termination "normal"]
[Board "3.2"]
[WhiteElo "1217"]
[BlackElo "1069"]
[WhiteTeam "Clemens-Winkler-Gymnasium Aue"]
[BlackTeam "Gymnasium Mainz-Gonsenheim"]
[PlyCount "97"]
[BlackFideId "12931705"]
[EventCountry "GER"]
[EventRounds "7"]
[EventType "team-swiss"]
[EventDate "2011.05.12"]

1. e4 c6 2. Nc3 d5 3. exd5 cxd5 4. d4 Bf5 5. g3 e6 6. a3 Be7 7. Bg2 Nf6 8. Nf3
O-O 9. O-O Nc6 10. Bf4 Qb6 11. b4 Bg4 12. Ne2 Rac8 13. Rc1 Bh5 14. c3 Ne4 15.
Qd3 Bd6 16. Bxd6 Nxd6 17. Nf4 Bxf3 18. Bxf3 Ne7 19. Rfe1 Rc7 20. a4 Nc4 21. Rb1
Rfc8 22. Rec1 Qd6 23. Bd1 a6 24. Rb3 b5 25. a5 Kh8 26. Bc2 g6 27. Nh5 e5 28.
dxe5 Qxe5 29. Nf4 Rd8 30. Rd1 Rcd7 31. Ne2 Nc6 32. Nd4 Qf6 33. Rbb1 Kg8 34. Kg2
N6e5 35. Qe2 Na3 36. Rbc1 Nxc2 37. Rxc2 Nc4 38. Rd3 Re7 39. Qf3 Rd6 40. Qxf6
Rxf6 41. Nb3 Rd7 42. Nc5 Rd8 43. Ne4 Re6 44. Nc5 Rf6 45. Re2 Kf8 46. h4 Rc6 47.
Rd1 Rf6 48. g4 Rd7 49. Nxd7+ 1-0

[Event "DSM WK M 2011"]
[Site "Karlsruhe GER"]
[Date "2011.05.14"]
[Round "5"]
[White "Liedel, Linda"]
[Black "Boden, Talitha"]
[Result "1-0"]
[Termination "normal"]
[Board "3.3"]
[WhiteElo "898"]
[BlackElo "922"]
[WhiteTeam "Gymnasium Mainz-Gonsenheim"]
[BlackTeam "Clemens-Winkler-Gymnasium Aue"]
[PlyCount "115"]
[EventCountry "GER"]
[EventRounds "7"]
[EventType "team-swiss"]
[EventDate "2011.05.12"]

1. e4 e5 2. Nf3 Nc6 3. Bb5 b6 4. O-O Bb7 5. c3 Nf6 6. d3 g6 7. Bg5 Bg7 8. Nbd2
O-O 9. Nb3 a6 10. Bc4 d6 11. Re1 Qe8 12. d4 Rd8 13. d5 Nb8 14. Nfd2 b5 15. Bd3
Rd7 16. Qf3 c6 17. Bxf6 cxd5 18. Bxg7 dxe4 19. Bxe4 Bxe4 20. Nxe4 Kxg7 21. Nf6
Qe6 22. Nxd7 Nxd7 23. Rad1 f6 24. Qd5 Qxd5 25. Rxd5 Nb6 26. Rxd6 Nc4 27. Rd7+
Kg8 28. Rb1 f5 29. Ra7 Rd8 30. h3 Rd6 31. Nc5 Rd2 32. b3 Nd6 33. Rxa6 Ne4 34.
Nxe4 fxe4 35. Kf1 Rc2 36. Rc6 Rxa2 37. c4 bxc4 38. bxc4 Rc2 39. c5 Kg7 40. Rb5
Rc3 41. Rcb6 e3 42. c6 e4 43. Rb7+ Kh6 44. c7 exf2 45. Kxf2 g5 46. Re5 Rc4 47.
Re8 Kg6 48. c8=Q Rxc8 49. Rxc8 Kf5 50. Ke3 h6 51. Re8 g4 52. hxg4+ Kxg4 53.
Rxe4+ Kg3 54. Rh7 h5 55. Rxh5 Kxg2 56. Rf5 Kg3 57. Rf8 Kg2 58. Re7 1-0

[Event "DSM WK M 2011"]
[Site "Karlsruhe GER"]
[Date "2011.05.14"]
[Round "5"]
[White "Koller, Vivien"]
[Black "Woider, Stella"]
[Result "1/2-1/2"]
[Termination "normal"]
[Board "3.4"]
[WhiteElo "837"]
[BlackElo "757"]
[WhiteTeam "Clemens-Winkler-Gymnasium Aue"]
[BlackTeam "Gymnasium Mainz-Gonsenheim"]
[PlyCount "39"]
[EventCountry "GER"]
[EventRounds "7"]
[EventType "team-swiss"]
[EventDate "2011.05.12"]

1. e4 e5 2. Nc3 Nf6 3. Nf3 Nc6 4. a3 Bc5 5. Bb5 d6 6. O-O Bg4 7. Bxc6+ bxc6 8.
d3 O-O 9. Qe2 Rb8 10. Rb1 h6 11. Be3 Bb6 12. Na4 c5 13. h3 Bh5 14. b4 cxb4 15.
axb4 Qd7 16. Nxb6 axb6 17. Rb2 d5 18. Rd1 d4 19. Bd2 Rbc8 20. b5 1/2-1/2

[Event "DSM WK M 2011"]
[Site "Karlsruhe GER"]
[Date "2011.05.14"]
[Round "5"]
[White "Kury, Valerie"]
[Black "Krein, Jana"]
[Result "0-1"]
[Termination "normal"]
[Board "4.1"]
[WhiteElo "1253"]
[BlackElo "1088"]
[WhiteTeam "St. Ursula-Gymnasium Freiburg"]
[BlackTeam "Auguste-Viktoria-Gymnasium Trier"]
[PlyCount "58"]
[BlackFideId "12937762"]
[EventCountry "GER"]
[EventRounds "7"]
[EventType "team-swiss"]
[EventDate "2011.05.12"]

1. e4 e5 2. Nf3 Nc6 3. d4 exd4 4. Nxd4 Qf6 5. Nc3 Qxd4 6. Qxd4 Nxd4 7. Bd3 Bb4
8. Be3 Nc6 9. O-O Nf6 10. Nb5 Kd8 11. f4 Ng4 12. Bc1 Bc5+ 13. Kh1 Nf2+ 14. Kg1
Nxd3+ 15. Kh1 Nf2+ 16. Kg1 Nxe4+ 17. Kh1 f5 18. h3 a6 19. Nc3 Nxc3 20. bxc3 d5
21. Re1 Re8 22. Rxe8+ Kxe8 23. Bb2 Kf7 24. Re1 Be6 25. Kh2 Bd6 26. g3 h6 27.
Bc1 d4 28. cxd4 Nxd4 29. c3 Nf3+ 0-1

[Event "DSM WK M 2011"]
[Site "Karlsruhe GER"]
[Date "2011.05.14"]
[Round "5"]
[White "Kim, Yu-Mi"]
[Black "Kury, Karolin"]
[Result "1-0"]
[Termination "normal"]
[Board "4.2"]
[WhiteElo "1107"]
[BlackElo "867"]
[WhiteTeam "Auguste-Viktoria-Gymnasium Trier"]
[BlackTeam "St. Ursula-Gymnasium Freiburg"]
[PlyCount "93"]
[WhiteFideId "12955361"]
[EventCountry "GER"]
[EventRounds "7"]
[EventType "team-swiss"]
[EventDate "2011.05.12"]

1. e4 e5 2. Nf3 Nc6 3. Bc4 Nf6 4. d3 Bc5 5. Nc3 d6 6. h3 h6 7. O-O O-O 8. Be3
Nd7 9. Nd5 Nb6 10. Nxb6 Bxb6 11. Qd2 Qf6 12. c3 Qg6 13. Nh4 Qf6 14. Nf3 h5 15.
Bg5 Qg6 16. Nh4 Qh7 17. Kh2 Na5 18. Bb3 Nxb3 19. axb3 f6 20. Be3 g5 21. Nf3 g4
22. Nh4 c5 23. f4 Bd8 24. f5 Qd7 25. Qe2 d5 26. hxg4 dxe4 27. dxe4 Qc6 28. Qf3
Kh7 29. gxh5 Rg8 30. Ng6 Rg7 31. Bd2 Bc7 32. Qe3 Kg8 33. Qh6 Bd6 34. Qh8+ Kf7
35. Bh6 Rg8 36. Qh7+ Ke8 37. Qxg8+ Kd7 38. Qg7+ Kd8 39. Qxf6+ Kc7 40. Bf8 b6
41. Rad1 Kb7 42. Rxd6 Qxe4 43. Qe7+ Ka6 44. Qxe5 Qc2 45. Ra1+ Kb5 46. Qe8+ Bd7
47. Qxd7# 1-0

[Event "DSM WK M 2011"]
[Site "Karlsruhe GER"]
[Date "2011.05.14"]
[Round "5"]
[White "Bäcker, Deborah"]
[Black "Kim, Yun-Mi"]
[Result "0-1"]
[Termination "normal"]
[Board "4.3"]
[WhiteElo "800"]
[BlackElo "1020"]
[WhiteTeam "St. Ursula-Gymnasium Freiburg"]
[BlackTeam "Auguste-Viktoria-Gymnasium Trier"]
[PlyCount "84"]
[EventCountry "GER"]
[EventRounds "7"]
[EventType "team-swiss"]
[EventDate "2011.05.12"]

1. e4 e5 2. Nf3 Nc6 3. Nc3 Bc5 4. Bc4 Nf6 5. Ng5 O-O 6. Nf3 Nxe4 7. Nxe4 d5 8.
Nc3 dxc4 9. d3 Bg4 10. dxc4 Qxd1+ 11. Nxd1 Bxf3 12. gxf3 Nd4 13. Ne3 f5 14. c3
Nc6 15. Bd2 e4 16. f4 Na5 17. O-O-O Bxe3 18. fxe3 Nxc4 19. Rhg1 Nxd2 20. Rxd2
Rad8 21. Rd4 c5 22. Rxd8 Rxd8 23. Rd1 Rxd1+ 24. Kxd1 Kf7 25. Ke2 h6 26. b4 cxb4
27. cxb4 g5 28. fxg5 hxg5 29. Kd2 Ke6 30. h3 Kd5 31. Kc3 b5 32. Kb3 f4 33. exf4
gxf4 34. Kc3 f3 35. Kd2 Kd4 36. h4 e3+ 37. Ke1 Kd3 38. h5 f2+ 39. Kf1 Kd2 40.
h6 e2+ 41. Kxf2 e1=Q+ 42. Kf3 Qh4 0-1

[Event "DSM WK M 2011"]
[Site "Karlsruhe GER"]
[Date "2011.05.14"]
[Round "5"]
[White "Mauel, Valeria"]
[Black "Tebartz van Elst, Antonia"]
[Result "1-0"]
[Termination "normal"]
[Board "4.4"]
[WhiteElo "869"]
[BlackElo "800"]
[WhiteTeam "Auguste-Viktoria-Gymnasium Trier"]
[BlackTeam "St. Ursula-Gymnasium Freiburg"]
[PlyCount "79"]
[EventCountry "GER"]
[EventRounds "7"]
[EventType "team-swiss"]
[EventDate "2011.05.12"]

1. e4 e5 2. Nf3 Nc6 3. Bb5 a6 4. Bxc6 bxc6 5. d3 Nf6 6. Bg5 Ng4 7. Bxd8 Bc5 8.
Bh4 O-O 9. h3 Nh6 10. Bg5 Bb4+ 11. Nc3 d6 12. Bxh6 gxh6 13. O-O Re8 14. Nh4 Be6
15. Qf3 Kf8 16. Qf6 d5 17. Qxh6+ Ke7 18. Qxh7 Kd7 19. Nf5 d4 20. Ne2 Rh8 21.
Qg7 Kc8 22. Qxh8+ Kb7 23. Qxe5 a5 24. Nexd4 Re8 25. Nxe6 fxe6 26. a3 Bd6 27.
Qxa5 exf5 28. exf5 Ra8 29. Qc3 Ra4 30. Qb3+ Bb4 31. Qxa4 c5 32. f6 c6 33. f7 c4
34. Qxb4+ Kc7 35. f8=Q c5 36. Qa5+ Kc6 37. Rfe1 cxd3 38. Qf6+ Kd5 39. Qe5+ Kc4
40. b3# 1-0

[Event "DSM WK M 2011"]
[Site "Karlsruhe GER"]
[Date "2011.05.14"]
[Round "5"]
[White "Wolff, Marie Antoinette"]
[Black "Triantafillidis, Katherina"]
[Result "1-0"]
[Termination "normal"]
[Board "5.1"]
[WhiteElo "1029"]
[BlackElo "1290"]
[WhiteTeam "Louise-Henriette-Gymnasium Oranienburg"]
[BlackTeam "Elly-Heuss-Knapp-Gymnasium Heilbronn"]
[PlyCount "65"]
[WhiteFideId "12908258"]
[BlackFideId "24692409"]
[EventCountry "GER"]
[EventRounds "7"]
[EventType "team-swiss"]
[EventDate "2011.05.12"]

1. e4 e5 2. Nf3 Nc6 3. Bc4 Bc5 4. c3 Nf6 5. d4 exd4 6. cxd4 Bb6 7. Nc3 h6 8.
O-O d6 9. e5 Nh7 10. Re1 O-O 11. e6 Bxe6 12. d5 Bg4 13. dxc6 bxc6 14. Bd3 Nf6
15. h3 Be6 16. Bd2 Nd7 17. Qc1 Qf6 18. Ne4 Qe7 19. Bxh6 d5 20. Ng3 Rfe8 21.
Bxg7 Kxg7 22. Nf5+ Bxf5 23. Rxe7 Bxd3 24. Qc3+ d4 25. Rxf7+ Kxf7 26. Qxd3 Ne5
27. Qh7+ Kf6 28. Qh4+ Ke6 29. Re1 Kd5 30. Qg5 Kc4 31. Nxe5+ Rxe5 32. b3+ Kc3
33. Rxe5 1-0

[Event "DSM WK M 2011"]
[Site "Karlsruhe GER"]
[Date "2011.05.14"]
[Round "5"]
[White "Triantafillidis, Zoé"]
[Black "Ziegel, Mandy"]
[Result "1-0"]
[Termination "normal"]
[Board "5.2"]
[WhiteElo "1187"]
[BlackElo "800"]
[WhiteTeam "Elly-Heuss-Knapp-Gymnasium Heilbronn"]
[BlackTeam "Louise-Henriette-Gymnasium Oranienburg"]
[PlyCount "101"]
[WhiteFideId "12900150"]
[EventCountry "GER"]
[EventRounds "7"]
[EventType "team-swiss"]
[EventDate "2011.05.12"]

1. e4 e5 2. Nf3 Nc6 3. d4 exd4 4. Nxd4 Nge7 5. Be3 g6 6. Nxc6 Nxc6 7. Bd4 Rg8
8. Bb5 b6 9. Nc3 Bb7 10. Qd3 Qe7 11. O-O-O O-O-O 12. Ba6 Nb4 13. Bxb7+ Kxb7 14.
Qf3 Qe6 15. a3 Nc6 16. Rhe1 Bg7 17. Bxg7 Rxg7 18. Qg3 Ne7 19. Nd5 d6 20. Nxe7
Qxe7 21. e5 Qf8 22. exd6 Rxd6 23. Rxd6 Qxd6 24. Qxd6 cxd6 25. Re7+ Kb8 26. Rd7
h5 27. Kd2 a6 28. Kd3 h4 29. Kd4 g5 30. Kd5 Kc8 31. Rxd6 Kc7 32. Rf6 Rh7 33. c4
g4 34. Kd4 h3 35. g3 Kb7 36. b4 b5 37. c5 Kc7 38. Rxa6 f5 39. Ra7+ Kc6 40. Rxh7
f4 41. Rh6+ Kb7 42. c6+ Kc7 43. Kc5 fxg3 44. fxg3 Kc8 45. Kd6 Kb8 46. c7+ Kb7
47. c8=Q+ Kxc8 48. Rh7 Kb8 49. Kc6 Ka8 50. Kb6 Kb8 51. Rh8# 1-0

[Event "DSM WK M 2011"]
[Site "Karlsruhe GER"]
[Date "2011.05.14"]
[Round "5"]
[White "Thimian, Jessica"]
[Black "Graf, Janine"]
[Result "0-1"]
[Termination "normal"]
[Board "5.3"]
[WhiteElo "800"]
[BlackElo "864"]
[WhiteTeam "Louise-Henriette-Gymnasium Oranienburg"]
[BlackTeam "Elly-Heuss-Knapp-Gymnasium Heilbronn"]
[PlyCount "62"]
[EventCountry "GER"]
[EventRounds "7"]
[EventType "team-swiss"]
[EventDate "2011.05.12"]

1. e4 e5 2. Nf3 Nc6 3. Nc3 Bc5 4. Bc4 Nf6 5. d3 d6 6. Bg5 Be6 7. Bxe6 fxe6 8.
O-O Qe7 9. Na4 d5 10. Qe2 O-O-O 11. Rfe1 h6 12. Bh4 g5 13. Bg3 Bd6 14. c3 Nh5
15. d4 Nxg3 16. fxg3 Rhf8 17. exd5 exd5 18. h4 Rde8 19. b3 e4 20. Nd2 Bxg3 21.
Rec1 Bxh4 22. c4 Nxd4 23. Qe3 Qe5 24. Nc3 dxc4 25. Nxc4 Qg7 26. Nxe4 Nf5 27.
Qxa7 Rxe4 28. Qa8+ Kd7 29. Qxb7 Qd4+ 30. Kh2 Bg3+ 31. Kh3 Rh4# 0-1

[Event "DSM WK M 2011"]
[Site "Karlsruhe GER"]
[Date "2011.05.14"]
[Round "5"]
[White "Wolf, Isabelle"]
[Black "Schimmel, Sarina"]
[Result "0-1"]
[Termination "normal"]
[Board "5.4"]
[WhiteElo "800"]
[BlackElo "890"]
[WhiteTeam "Elly-Heuss-Knapp-Gymnasium Heilbronn"]
[BlackTeam "Louise-Henriette-Gymnasium Oranienburg"]
[PlyCount "60"]
[EventCountry "GER"]
[EventRounds "7"]
[EventType "team-swiss"]
[EventDate "2011.05.12"]

1. e4 e5 2. Bb5 a6 3. Bc4 Nf6 4. d3 Be7 5. Be3 Nc6 6. Qd2 d6 7. Na3 d5 8. O-O-O
dxc4 9. dxc4 Qxd2+ 10. Rxd2 Nxe4 11. Rd5 Nxf2 12. Kd2 Nxh1 13. Ke2 Bg4+ 14. Kd2
O-O 15. Bc5 Bxc5 16. Rxc5 Nf2 17. Ke3 Nd1+ 18. Kd2 Nxb2 19. Kc3 Rad8 20. Nf3 e4
21. Ng5 Na4+ 22. Kb3 Nxc5+ 23. Kc3 e3 24. Nf3 Ne4+ 25. Kb2 e2 26. Ne1 Rd1 27.
Nf3 Bxf3 28. Kb3 e1=Q 29. gxf3 Qc3+ 30. Ka4 Nc5# 0-1

[Event "DSM WK M 2011"]
[Site "Karlsruhe GER"]
[Date "2011.05.14"]
[Round "5"]
[White "Hund, Sarah"]
[Black "Schmitt, Nora"]
[Result "1-0"]
[Termination "normal"]
[Board "6.1"]
[WhiteElo "1248"]
[BlackElo "1016"]
[WhiteTeam "Rotteck-Gymnasium Freiburg"]
[BlackTeam "Gymnasium Neuenbürg"]
[PlyCount "41"]
[WhiteFideId "12923338"]
[EventCountry "GER"]
[EventRounds "7"]
[EventType "team-swiss"]
[EventDate "2011.05.12"]

1. e4 e5 2. Nf3 Nc6 3. Bc4 Nf6 4. Ng5 d5 5. exd5 Nxd5 6. Nxf7 Kxf7 7. Qf3+ Ke6
8. Nc3 Ncb4 9. Qe4 c6 10. d4 Bd6 11. O-O b5 12. Bb3 a5 13. a3 Bb7 14. axb4 axb4
15. Qg4+ Kf7 16. Rxa8 Bxa8 17. Nxd5 cxd5 18. Qf5+ Qf6 19. Qd7+ Kg6 20. Bxd5 Rd8
21. Qg4+ 1-0

[Event "DSM WK M 2011"]
[Site "Karlsruhe GER"]
[Date "2011.05.14"]
[Round "5"]
[White "Schillinger, Carmen"]
[Black "Krißmer, Maria"]
[Result "0-1"]
[Termination "normal"]
[Board "6.2"]
[WhiteElo "800"]
[BlackElo "1006"]
[WhiteTeam "Gymnasium Neuenbürg"]
[BlackTeam "Rotteck-Gymnasium Freiburg"]
[PlyCount "66"]
[EventCountry "GER"]
[EventRounds "7"]
[EventType "team-swiss"]
[EventDate "2011.05.12"]

1. e4 e5 2. Nf3 Nc6 3. Nc3 Nf6 4. Bb5 Bc5 5. Nxe5 Nxe5 6. d4 Bb4 7. dxe5 Bxc3+
8. bxc3 Nxe4 9. Bf4 c6 10. Ba4 d5 11. O-O Nxc3 12. Qd4 Ne2+ 13. Kh1 Nxd4 14.
Rfe1 Bf5 15. Rad1 Ne6 16. Bg3 Qg5 17. h4 Qg4 18. Rb1 Qxa4 19. Rxb7 Qxc2 20. Rb4
Qd2 21. Re3 Qxb4 22. Rf3 Bg4 23. Re3 Qb1+ 24. Kh2 Rb8 25. f3 Qc1 26. Rb3 Rxb3
27. axb3 Bxf3 28. gxf3 Qc2+ 29. Kh3 Qxb3 30. f4 Nxf4+ 31. Kg4 Qe3 32. Bxf4 Qg1+
33. Kf5 Qg6# 0-1